| 000 | 00574nam a2200181Ia 4500 | ||
|---|---|---|---|
| 003 | IN-BaIIA | ||
| 008 | 211028s9999 xx 000 0 eng d | ||
| 040 | _cIIA Library | ||
| 080 |
_a523.947:520.86 _bESP |
||
| 100 |
_aEspenak, Fred _915330 |
||
| 245 | 0 |
_aFifty year canon of solar eclipses _b1986-2035 _cFred Espenak |
|
| 260 |
_aMaryland _bDirect _c1987 |
||
| 300 | _aiii, 278p. | ||
| 490 | _aNASA reference publication; 1178 | ||
| 650 | _aAstronomy and astrophysics thesaurus | ||
| 650 |
_aSolar eclipses _91451 |
||
| 942 | _cBK | ||
| 999 |
_c9133 _d9133 |
||